000 00744 a2200169 4500
003 Nust
005 20221018135106.0
040 _cNust
082 _a620,HAW
100 _aHawks ,Ellison
_9100626
245 _aHow it is made /
_cEllison Hawks
260 _aLondon
_bOdhams Press
300 _a383:p
505 _aHow Ships are Made (Page-4), How Aeroplanes are Made (Page-40), How Railways are Made (Page-90), How Motor Cars are Made (Page-128), How Bridges are Made (Page-170), How Roads are Made (Page-212), How Tunnels are Made (Page-242), How Newspapers are Made (Page-276), How Films are Made (Page-298), How Radio Receiver and Made (Page-330), How Houses are Made (Page-350).
650 _aPower and Energy
_9100627
942 _2ddc
_cBK
999 _c182347
_d182347